|
|
|
|
| LEADER |
00000nab a2200000 a 4500 |
| 001 |
vtls000748375 |
| 003 |
SK-MaSNL |
| 005 |
20260304211215.0 |
| 008 |
250429c2000 xo 0 slo |
| 015 |
|
|
|a SNBRB2001/04-10277
|
| 035 |
|
|
|a CLN000100201
|
| 035 |
|
|
|a urn:nbn:sk:snk-abl7n
|
| 035 |
|
|
|a (urnnbn)urn:nbn:sk:snk:ar-a05ijg
|
| 035 |
|
|
|a (uuid)298c219f-9cef-4c46-8048-e76c6035c6f6
|
| 040 |
|
|
|a SNKBUCL
|b slo
|c SNKBUCL
|e AACR2
|
| 041 |
0 |
|
|a eng
|
| 044 |
|
|
|a xo
|c SK
|
| 080 |
|
|
|a 577.118:546.56
|2 1997
|
| 080 |
|
|
|a 546.56
|2 1997
|
| 080 |
|
|
|a 591.11
|2 1997
|
| 080 |
|
|
|a 619:612.112
|2 1997
|
| 245 |
0 |
0 |
|a Bovine monocyte-derived macrophage function in induced copper deficiency
|c S. Cerone ... [et al.]
|
| 300 |
|
|
|b Graf, tab.
|
| 504 |
|
|
|a Res. angl.
|
| 504 |
|
|
|a Bibliogr. odkazy
|
| 650 |
0 |
7 |
|a meď
|2 SNKPH
|
| 650 |
0 |
7 |
|a makrofágy
|2 SNKPH
|9 18403
|
| 650 |
0 |
7 |
|a superoxidy
|2 SNKPH
|9 1436007
|
| 650 |
0 |
7 |
|a ošípané
|2 SNKPH
|9 2795
|
| 650 |
0 |
7 |
|a peroxidáza
|2 SNKPH
|9 20187
|
| 650 |
0 |
7 |
|a molybdén
|2 SNKPH
|9 162414
|
| 655 |
|
7 |
|a články z novín a časopisov
|2 SNK
|9 267496
|
| 700 |
1 |
|
|a Cerone, S.
|4 aut
|9 1543158
|
| 700 |
1 |
|
|a Sansinanea, A.
|4 aut
|9 1543159
|
| 700 |
1 |
|
|a Streitenberger, S.
|4 aut
|9 1543160
|
| 700 |
1 |
|
|a García, C.
|4 aut
|9 796165
|
| 700 |
1 |
|
|a Auza, N.
|4 aut
|9 1543161
|
| 773 |
0 |
|
|t General physiology and biophysics
|g Roč. 19, č. 1 (2000), s. 49 - 58
|x 0231-5882
|
| 850 |
|
|
|a Slovenská národná knižnica
|
| 852 |
|
|
|a Slovenská národná knižnica
|
| 958 |
|
|
|a article27
|
| 958 |
|
|
|a MI
|
| 958 |
|
|
|a NB
|
| 958 |
|
|
|a OND
|
| 958 |
|
|
|a EUIPO
|
| 999 |
|
|
|c 3128751
|d 3130681
|